Pheromone communication in social insects : Ants, wasps, bees, and termites

Characteristically, social insects rely heavily on behavioral mechanisms and associated pheromonal chemistry to maintain their sociality and to successfully function as a colony unit. Bringing together for the first time prominent researchers in social insect pheromone communication, including nestm...

Celý popis

Uloženo v:
Podrobná bibliografie
Médium: Kniha
Jazyk:Undetermined
Vydáno: Boulder, Colo. Westview Press 1998
Témata:
Tagy: Přidat tag
Žádné tagy, Buďte první, kdo otaguje tento záznam!
Thư viện lưu trữ: Trung tâm Học liệu Trường Đại học Cần Thơ
LEADER 01370nam a2200193Ia 4500
001 CTU_238236
008 210402s9999 xx 000 0 und d
082 |a 595.7 
082 |b P542 
245 0 |a Pheromone communication in social insects : 
245 0 |b Ants, wasps, bees, and termites 
245 0 |c Edited by Robert K. Vander Meer ... [et al.] 
260 |a Boulder, Colo. 
260 |b Westview Press 
260 |c 1998 
520 |a Characteristically, social insects rely heavily on behavioral mechanisms and associated pheromonal chemistry to maintain their sociality and to successfully function as a colony unit. Bringing together for the first time prominent researchers in social insect pheromone communication, including nestmate recognition, this book looks at ants, wasps, bees, and termites, highlighting areas of convergence and divergence among these groups, and identifying areas that need further investigation. Presenting broad synthetic overviews as well as species-specific studies, the volume will be useful to natural scientists, ecologists, and those interested in pest management, as well as to anyone interested in the fascinating chemically mediated behavioral interactions of social insects. 
650 |a Giao tiếp động vật,Animal communication 
910 |b nthai 
980 |a Trung tâm Học liệu Trường Đại học Cần Thơ